Oldest Champions League players to score - Statistics

General Stats
  • This quiz has been taken 38 times
    27 since last reset
  • The average score is 6 of 20
Answer Stats
Hint Answer % Correct
36 years, 9 months, 18 days Cristiano Ronaldo
100%
37 years, 1 month, 24 days Luka Modric
45%
36 years, 10 months, 29 days Paolo Maldini
45%
37 years, 8 months, 0 days Sergio Ramos
45%
40 years, 8 months, 12 days Pepe
40%
37 years, 9 months, 16 days Ryan Giggs
40%
36 years, 8 months, 14 days Didier Drogba
35%
38 years, 1 month, 29 days Francesco Totti
35%
37 years, 2 months, 10 days Javier Zanetti
35%
37 years, 2 months, 25 days Filippo Inzaghi
30%
37 years, 1 month, 23 days Edin Dzeko
25%
36 years, 4 months, 4 days Dennis Bergkamp
20%
37 years, 1 month, 8 days Olivier Giroud
20%
36 years, 8 months, 1 day Burak Yilmaz
15%
36 years, 2 months, 24 days Olof Mellberg
15%
36 years, 2 months, 27 days Pedro
15%
36 years, 9 months, 9 days Bryan Robson
10%
36 years, 11 months, 29 days Laurent Blanc
10%
36 years, 7 months, 8 days Lee Dixon
10%
36 years, 4 months, 24 days Sergey Ignashevich
10%
No matching quizzes found
Score Distribution
Percent of People with Each Score
Percentile by Number Answered
Your Score History
You have not taken this quiz since the last reset